000
002980000a22001450004500
001
005749
003
MACL
040
_a
MACL
090
_c
12921
_d
12920
245
_a
Siyanat ul Anaas
_b
Fazl e Rasool Badayuni
260
_c
1270
350
_a
1.25
650
_a
Urdu Literature
942
_k
891
_c
Book
999
_c
12848
_d
12848